书目信息 |
| 题名: |
密码学原理与实践
|
|
| 作者: | 斯廷森 著 ;冯登国 译 | |
| 分册: | ||
| 出版信息: | 北京 电子工业出版社 2016.01 |
|
| 页数: | 12, 452页 | |
| 开本: | 26cm | |
| 丛书名: | ||
| 单 册: | ||
| 中图分类: | TN918.1 | |
| 科图分类: | ||
| 主题词: | 密码学--mi ma xue--教材 | |
| 电子资源: | ||
| ISBN: | 978-7-121-27971-3 | |
| 000 | 01242nam0 2200289 450 | |
| 001 | 0106081832 | |
| 005 | 20201109085711.55 | |
| 010 | @a978-7-121-27971-3@dCNY69.00 | |
| 100 | @a20160422e20192016em y0chiy50 ea | |
| 101 | 1 | @achi@ceng |
| 102 | @aCN@b110000 | |
| 105 | @ak z 000yy | |
| 106 | @ar | |
| 200 | 1 | @a密码学原理与实践@Ami ma xue yuan li yu shi jian@dCryptography theory and practice@f(加)Douglas R.Stinson著@g冯登国等译@zeng |
| 205 | @a2版 | |
| 210 | @a北京@c电子工业出版社@d2016.01@h2019.06 | |
| 215 | @a12, 452页@d26cm | |
| 300 | @a国外计算机科学教材系列 | |
| 305 | @aTaylor & Francis Group, LLC授权出版 据原书第三版译出 | |
| 330 | @a本书共分14章,从古典密码学开始,继而介绍了Shannon信息论在密码学中的应用,然后进入现代密码学部分,先后介绍了分组密码的一般原理、数据加密标准(DES)和高级加密标准(AES)、Hash函数和MAC算法、公钥密码算法和数字签名、伪随机数生成器、身份识别方案、密钥分配和密钥协商协议、秘密共享方案等。 | |
| 510 | 1 | @aCryptography theory and practice@zeng |
| 606 | 0 | @a密码学@Ami ma xue@j教材 |
| 690 | @aTN918.1@v5 | |
| 701 | 1 | @c(加拿大)@a斯廷森@Asi ting sen@gStinson, Douglas R.@4著 |
| 702 | 0 | @a冯登国@Afeng deng guo@4译 |
| 801 | 0 | @aCN@bBJSZM@c20201106 |
| 905 | @b1192628-31@dTN918.1@e221=2@f4 | |
| 密码学原理与实践=Cryptography theory and practice/(加)Douglas R.Stinson著/冯登国等译.-2版.-北京:电子工业出版社,2016.01(2019.06) |
| 12, 452页;26cm |
| 国外计算机科学教材系列 |
| ISBN 978-7-121-27971-3:CNY69.00 |
| 本书共分14章,从古典密码学开始,继而介绍了Shannon信息论在密码学中的应用,然后进入现代密码学部分,先后介绍了分组密码的一般原理、数据加密标准(DES)和高级加密标准(AES)、Hash函数和MAC算法、公钥密码算法和数字签名、伪随机数生成器、身份识别方案、密钥分配和密钥协商协议、秘密共享方案等。 |
| ● |
| 相关链接 |
|
|
|
|
正题名:密码学原理与实践
索取号:TN918.1/221=2
 
预约/预借
| 序号 | 登录号 | 条形码 | 馆藏地/架位号 | 状态 | 备注 |
| 1 | 1192628 | 211926282 | 第二样本阅览室/ [索取号:TN918.1/221=2] | 在馆 | |
| 2 | 1192629 | 211926291 | 第三借阅区/ [索取号:TN918.1/221=2] | 在馆 | |
| 3 | 1192630 | 211926308 | 第三借阅区/ [索取号:TN918.1/221=2] | 在馆 | |
| 4 | 1192631 | 211926317 | 第三借阅区/ [索取号:TN918.1/221=2] | 在馆 |